History Quiz

Random History or City Quiz

European Treaty Cities Quiz Stats

 Plays Quiz not verified by Sporcle

Support Sporcle.
Go Orange.
Score 0/5 Timer 06:00
0 Plays Today
European treaty cities European city % Correct
Treaty establishing European Coal and Steel Community (April 1951)Paris
89.3%
Treaties establishing European Economic Community and European Atomic Energy Community (March 1957)Rome
81.8%
Updated version of the failed Constitutional Treaty (December 2007)Lisbon
71.1%
Treaty on European Union (February 1992)Maastricht
63.6%
Single European Act (February 1986, two possible answers)Luxembourg
48.8%

You're not logged in!

Compare scores with friends on all Sporcle quizzes.
OR
Log In

From the Vault

Cleveland Indians Opening Day Starting Pitchers

by Hejman

We think it's about time that Sporcle had our own baseball team.
Remove Ads.
Support Sporcle.
Get the best of Sporcle when you Go Orange. This ad-free experience offers more features, more stats, and more fun while also helping to support Sporcle. Thank you for becoming a member.

Show Comments

Extras

Created Feb 14, 2011ReportNominate
Tags:City Quiz, Europe Quiz, Treaty

Top Quizzes Today


Score Distribution

Your Account Isn't Verified!

In order to create a playlist on Sporcle, you need to verify the email address you used during registration. Go to your Sporcle Settings to finish the process.

Report this User

Report this user for behavior that violates our Community Guidelines.

Details: